000 00715nam a2200253Ia 4500
003 OSt
005 20221005092039.0
006 a|||||r|||| 00| 0
007 ta
008 221004b |||||||| |||| 00| 0 eng d
020 _a0394487249 (hbk)
024 _a80742
037 _bGift, 01/01/2005,
_cTextual
040 _aCRL
_cCRL
_beng
041 _2eng
_aeng
082 _aV73:1.N7, L3
100 _aBoorstin Daniel J. Ed.
_9616836
245 0 _aAmericans the democratic experience
260 _aNew York
_bRandom House USA
_c1973
300 _a717p.
_ccm.
650 _aHISTORY
942 _hV73:1.N7, L3
_cTEXL
_2cc
999 _c998243
_d998243